[Event "22nd Hogeschool Zeeland Tournament 2018"]
[Site "Vlissingen"]
[Date "2018.08.10"]
[Round "8.1"]
[White "Mareco, Sandro"]
[Black "Iturrizaga Bonelli, Eduard"]
[Result "1/2-1/2"]
[WhiteElo "2643"]
[BlackElo "2640"]
[PlyCount "52"]
[EventCountry "NED"]

1. Nf3 Nf6 2. c4 b6 3. g3 Bb7 4. Bg2 e6 5. O-O Be7 6. b3 O-O 7. Bb2 c5 8. Nc3
a6 9. e3 d6 10. d4 Nbd7 11. d5 exd5 12. Nh4 Rb8 13. Nf5 b5 14. Nxd5 Bxd5 15.
cxd5 Re8 16. Nxe7+ Qxe7 17. e4 c4 18. Bd4 Ne5 19. bxc4 Nxc4 20. Re1 Rbc8 21.
Rc1 Qd8 22. a4 Nd7 23. axb5 axb5 24. Bh3 Rc7 25. Rb1 Na3 26. Rc1 Nc4 1/2-1/2

[Event "22nd Hogeschool Zeeland Tournament 2018"]
[Site "Vlissingen"]
[Date "2018.08.10"]
[Round "8.2"]
[White "Pruijssers, Roeland"]
[Black "Ikonnikov, Vyacheslav"]
[Result "1/2-1/2"]
[WhiteElo "2506"]
[BlackElo "2546"]
[PlyCount "29"]
[EventCountry "NED"]

1. e4 g6 2. d4 Bg7 3. Nc3 d6 4. f4 Nf6 5. Nf3 O-O 6. e5 dxe5 7. fxe5 Nd5 8. Bc4
Nxc3 9. bxc3 c5 10. O-O Bg4 11. Ba3 Nc6 12. Bxc5 Qa5 13. Bd5 Nxe5 14. Bxb7 Rab8
15. Bb4 1/2-1/2

[Event "22nd Hogeschool Zeeland Tournament 2018"]
[Site "Vlissingen"]
[Date "2018.08.10"]
[Round "8.3"]
[White "Zeng, Chongsheng"]
[Black "Gonzales, Jayson"]
[Result "1-0"]
[WhiteElo "2539"]
[BlackElo "2383"]
[PlyCount "93"]
[EventCountry "NED"]

1. d4 d6 2. e4 e5 3. Nf3 Nd7 4. dxe5 dxe5 5. Bc4 c6 6. O-O Be7 7. Ng5 Bxg5 8.
Qh5 Qf6 9. Bxg5 Qg6 10. Qh4 Ngf6 11. f3 Nb6 12. Bb3 Be6 13. Bxe6 fxe6 14. a4
O-O 15. a5 Nbd7 16. Na3 b5 17. axb6 axb6 18. Nc4 b5 19. Nd6 Nh5 20. Be7 Nf4 21.
g3 Rfb8 22. Kf2 Nh5 23. Rfd1 Nf8 24. Rxa8 Rxa8 25. Nb7 Nf6 26. Nd8 N6d7 27.
Bxf8 Nxf8 28. Nxc6 Qe8 29. Rd6 h6 30. Nxe5 Qc8 31. Rc6 Qb7 32. Qf4 Rd8 33. Qe3
Kh7 34. Rc3 Rd1 35. Nd3 Qa8 36. Ra3 Qc8 37. Qe2 Rb1 38. Kg2 e5 39. Rc3 Qa8 40.
Nxe5 Qa1 41. Nd3 Rg1+ 42. Kh3 Ne6 43. Ra3 Qb1 44. Ra6 Nd4 45. Qf2 Nxc2 46. Qb6
Qf1+ 47. Kg4 1-0

[Event "22nd Hogeschool Zeeland Tournament 2018"]
[Site "Vlissingen"]
[Date "2018.08.10"]
[Round "8.4"]
[White "Schoppen, Casper"]
[Black "Hausrath, Daniel"]
[Result "0-1"]
[WhiteElo "2394"]
[BlackElo "2502"]
[PlyCount "82"]
[EventCountry "NED"]

1. e4 d6 2. d4 Nf6 3. Nc3 e5 4. Nf3 Nbd7 5. Bc4 Be7 6. O-O O-O 7. h3 a6 8. a4
b6 9. Re1 c6 10. b3 h6 11. Bb2 Rb8 12. Bd3 Qc7 13. Ne2 Re8 14. Ng3 Bf8 15. c4
g6 16. Qd2 Bg7 17. Rad1 Nf8 18. c5 bxc5 19. dxe5 dxe5 20. Bc4 N6d7 21. a5 Ne6
22. Qd6 Bf8 23. Qxc7 Nxc7 24. h4 Nb5 25. h5 g5 26. Rxd7 Bxd7 27. Nxe5 Be6 28.
Nf5 Nd4 29. Bxd4 cxd4 30. Nxc6 Bxc4 31. Nxb8 Bb5 32. Nxa6 Bxa6 33. Nxd4 Bb4 34.
Rc1 Rxe4 35. Nf5 Re6 36. Nd4 Re1+ 37. Rxe1 Bxe1 38. Nc6 Bb5 39. Nd4 Bd3 40. Nc6
Be4 41. Kf1 Bc3 0-1

[Event "22nd Hogeschool Zeeland Tournament 2018"]
[Site "Vlissingen"]
[Date "2018.08.10"]
[Round "8.5"]
[White "Shyaamnikhil P"]
[Black "Wan, Yunguo"]
[Result "1/2-1/2"]
[WhiteElo "2389"]
[BlackElo "2500"]
[PlyCount "112"]
[EventCountry "NED"]

1. d4 Nf6 2. c4 g6 3. Nc3 d5 4. Bg5 Bg7 5. Bxf6 Bxf6 6. cxd5 c5 7. dxc5 Nd7 8.
c6 Nc5 9. Rc1 Qb6 10. e3 Qxb2 11. Nge2 Bg4 12. f3 Bf5 13. Nd4 bxc6 14. Qd2 Qb6
15. e4 Bd7 16. dxc6 Be6 17. Rb1 Nxe4 18. fxe4 Qxd4 19. Qxd4 Bxd4 20. Nd5 Be5
21. Ba6 Bc8 22. Bb7 Rb8 23. Ke2 e6 24. Ne3 Ke7 25. Nc4 Bc7 26. Rhd1 Rd8 27.
Rxd8 Kxd8 28. e5 Bxb7 29. cxb7 Kd7 30. h3 Kc6 31. Rf1 Rf8 32. Rb1 Rb8 33. Rf1
Rxb7 34. Rxf7 Rb1 35. Rxh7 Ra1 36. a3 Ra2+ 37. Kf3 Rc2 38. Nd6 Kd5 39. Nb5 Bb6
40. Nxa7 Rc3+ 41. Ke2 Re3+ 42. Kf1 Rxa3 43. Nc8 Bc5 44. Ne7+ Ke4 45. Nxg6 Ra1+
46. Ke2 Ra2+ 47. Kd1 Rxg2 48. Rh4+ Ke3 49. Rg4 Rd2+ 50. Ke1 Ra2 51. Kf1 Rf2+
52. Kg1 Kd3 53. Kh1 Be3 54. h4 Rf5 55. Kh2 Bd4 56. Kh3 Bxe5 1/2-1/2

[Event "22nd Hogeschool Zeeland Tournament 2018"]
[Site "Vlissingen"]
[Date "2018.08.10"]
[Round "8.7"]
[White "Maatman, Nick"]
[Black "Vrolijk, Liam"]
[Result "1/2-1/2"]
[WhiteElo "2345"]
[BlackElo "2430"]
[PlyCount "34"]
[EventCountry "NED"]

1. d4 Nf6 2. c4 e6 3. Nf3 d5 4. Nc3 dxc4 5. e4 Bb4 6. Bxc4 Nxe4 7. O-O Nxc3 8.
bxc3 Bd6 9. Ng5 h6 10. Qh5 O-O 11. Ne4 f5 12. Nxd6 cxd6 13. Bxh6 gxh6 14. Qg6+
Kh8 15. Qxh6+ Kg8 16. Qg6+ Kh8 17. Qh6+ Kg8 1/2-1/2

[Event "22nd Hogeschool Zeeland Tournament 2018"]
[Site "Vlissingen"]
[Date "2018.08.10"]
[Round "8.8"]
[White "Rijnaarts, Sjef"]
[Black "Viani Antonio Dcunha"]
[Result "0-1"]
[WhiteElo "2339"]
[BlackElo "2414"]
[PlyCount "76"]
[EventCountry "NED"]

1. e4 e5 2. Nf3 Nc6 3. Bb5 a6 4. Ba4 Nf6 5. O-O Be7 6. Re1 b5 7. Bb3 O-O 8. a4
Bb7 9. d3 d6 10. Nbd2 Na5 11. Ba2 c5 12. Nf1 b4 13. Ng3 b3 14. Bxb3 Nxb3 15.
cxb3 g6 16. Bh6 Re8 17. Bd2 a5 18. Bc3 Nd7 19. Nd2 Nb8 20. Rf1 Nc6 21. f4 d5
22. exd5 Qxd5 23. fxe5 Nxe5 24. Nde4 Nxd3 25. Qd2 f5 26. Rad1 Rad8 27. Qe3 c4
28. Qh6 Qf7 29. h4 Bf8 30. Qg5 Bxe4 31. Nxe4 Qa7+ 32. Kh2 fxe4 33. h5 Qc5 34.
Qg4 Rd5 35. Rxf8+ Rxf8 36. Qe6+ Rf7 37. Qe8+ Qf8 38. Qxe4 Qd6+ 0-1

[Event "22nd Hogeschool Zeeland Tournament 2018"]
[Site "Vlissingen"]
[Date "2018.08.10"]
[Round "8.9"]
[White "Van Foreest, Jorden"]
[Black "Frayna, Janelle Mae"]
[Result "1-0"]
[WhiteElo "2636"]
[BlackElo "2278"]
[PlyCount "75"]
[EventCountry "NED"]

1. e4 e6 2. d4 d5 3. Nc3 Bb4 4. Bd3 dxe4 5. Bxe4 Nf6 6. Bf3 O-O 7. Nge2 c5 8.
a3 cxd4 9. axb4 dxc3 10. Qxd8 Rxd8 11. Nxc3 Nc6 12. Bxc6 bxc6 13. Bg5 e5 14.
Ne4 Bf5 15. Nxf6+ gxf6 16. Bxf6 Rd6 17. Be7 Rd7 18. Bg5 Bxc2 19. O-O Kg7 20.
Rfc1 Be4 21. Re1 Bd3 22. Bd2 f6 23. Bc3 Kf7 24. f3 Rg8 25. Kf2 h5 26. Re3 Rgd8
27. f4 exf4 28. Rf3 f5 29. Rxf4 Be4 30. Ra5 Rb8 31. Rh4 Kg6 32. Re5 Rh7 33. Rf4
Bd5 34. Rexf5 Re7 35. Rf6+ Kh7 36. R4f5 Rg7 37. Rxh5+ Kg8 38. Rf4 1-0

[Event "22nd Hogeschool Zeeland Tournament 2018"]
[Site "Vlissingen"]
[Date "2018.08.10"]
[Round "8.10"]
[White "Ree, Hans"]
[Black "Chanda, Sandipan"]
[Result "0-1"]
[WhiteElo "2303"]
[BlackElo "2553"]
[PlyCount "80"]
[EventCountry "NED"]

1. c4 f5 2. g3 Nf6 3. Bg2 g6 4. Nc3 Bg7 5. e3 O-O 6. Nge2 d6 7. d3 e5 8. b3 c6
9. Bb2 d5 10. Qd2 dxc4 11. bxc4 Be6 12. f4 exf4 13. gxf4 Ng4 14. Nd4 Bf7 15.
Nf3 Re8 16. O-O Rxe3 17. Rad1 Re8 18. Rde1 Qb6+ 19. d4 Nd7 20. c5 Qa5 21. h3
Ngf6 22. Ne5 Nxe5 23. fxe5 Nd5 24. Rf2 Rad8 25. Rb1 Nc7 26. Qe3 Ne6 27. Rd2 Rd7
28. Rbd1 Red8 29. a3 Bf8 30. Kh1 Be7 31. d5 cxd5 32. Rxd5 Bxc5 33. Qc1 Rxd5 34.
Nxd5 Kg7 35. Rd3 Qa4 36. Qd2 Qh4 37. Kh2 Qf2 38. Qc1 Rxd5 39. Rxd5 Be3 40. Qc3
Qg1+ 0-1

[Event "22nd Hogeschool Zeeland Tournament 2018"]
[Site "Vlissingen"]
[Date "2018.08.10"]
[Round "8.13"]
[White "Warmerdam, Max"]
[Black "De Jong, Migchiel"]
[Result "1/2-1/2"]
[WhiteElo "2421"]
[BlackElo "2339"]
[PlyCount "84"]
[EventCountry "NED"]

1. d4 e6 2. e4 d5 3. Nd2 c5 4. exd5 Qxd5 5. Ngf3 cxd4 6. Bc4 Qd6 7. O-O Nf6 8.
Nb3 Nc6 9. Nbxd4 Nxd4 10. Nxd4 a6 11. Re1 Qc7 12. Bf1 Be7 13. Qf3 O-O 14. Bf4
Bd6 15. Bxd6 Qxd6 16. Rad1 Qb6 17. Qb3 Qc7 18. c4 b6 19. Qg3 Qxg3 20. hxg3 Bd7
21. Nf3 Rfd8 22. Rd6 Rab8 23. Red1 Kf8 24. Ne5 Ke7 25. c5 bxc5 26. Rxa6 Be8 27.
Rxd8 Rxd8 28. Ra7+ Kf8 29. a4 Rd1 30. f3 Nd5 31. Nc4 Ra1 32. a5 Bb5 33. Kf2 Ra2
34. Nd6 Rxb2+ 35. Kg1 Bxf1 36. Kxf1 Ne3+ 37. Kg1 Rxg2+ 38. Kh1 Ra2 39. Rxf7+
Kg8 40. Rc7 h6 41. Rxc5 Nf1 42. Ne4 Nd2 1/2-1/2

[Event "22nd Hogeschool Zeeland Tournament 2018"]
[Site "Vlissingen"]
[Date "2018.08.10"]
[Round "8.14"]
[White "Bluhm, Sonja Maria"]
[Black "Miciano, John Marvin"]
[Result "0-1"]
[WhiteElo "2279"]
[BlackElo "2381"]
[PlyCount "188"]
[EventCountry "NED"]

1. e4 g6 2. d4 Bg7 3. Nf3 d6 4. Bc4 Nf6 5. Qe2 O-O 6. O-O Nc6 7. e5 Nh5 8. exd6
Qxd6 9. c3 Bg4 10. h3 Bxf3 11. Qxf3 e5 12. d5 Ne7 13. b3 Qd7 14. Rd1 Nf6 15.
Bg5 Ne8 16. a4 Nd6 17. Nd2 f6 18. Be3 f5 19. Qe2 e4 20. Bd4 Bxd4 21. cxd4 a6
22. a5 Kh8 23. f3 Rae8 24. fxe4 fxe4 25. Nxe4 Nxe4 26. Qxe4 Nf5 27. Qd3 Qe7 28.
Qd2 Qh4 29. Re1 Qg3 30. Rxe8 Rxe8 31. Qf2 Qc3 32. Rf1 Kg7 33. Qf4 Re7 34. g4
Qg3+ 35. Qxg3 Nxg3 36. Rf3 Ne4 37. Re3 Kf6 38. Bd3 Nd2 39. Rxe7 Kxe7 40. Bc4
Ne4 41. Kf1 Kd6 42. Ke2 g5 43. Ke3 Nf6 44. Kf3 h6 45. Ke3 Kd7 46. Kf3 Ke7 47.
Ke3 Ne8 48. Kf3 Nd6 49. Bd3 Kd8 50. Kg3 Kc8 51. h4 Kb8 52. hxg5 hxg5 53. Kf3
Ka7 54. Ke3 b6 55. axb6+ cxb6 56. Kd2 b5 57. Kc3 Kb6 58. Be2 a5 59. Bf3 b4+ 60.
Kc2 Ka6 61. Be2+ Kb7 62. Bf3 Kb6 63. Kd2 Kc7 64. Kc2 Nc8 65. Kd3 Nd6 66. Kc2
Kd7 67. Kd2 Ke7 68. Kc2 Nc8 69. Kd3 Nb6 70. Bh1 Kd6 71. Bf3 Nxd5 72. Kc4 Nc3
73. Kd3 Nb5 74. Kc4 Na3+ 75. Kd3 Kc7 76. Be4 Kb6 77. Kd2 Nb5 78. Ke3 Nd6 79.
Bf3 Nb5 80. Be4 Nc3 81. Bg2 a4 82. bxa4 b3 83. Bf1 Ka5 84. d5 Nxd5+ 85. Kd4 Nf6
86. Bc4 b2 87. Bd3 Kxa4 88. Ke5 Nxg4+ 89. Kf5 Ne3+ 90. Kxg5 Kb3 91. Bb1 Kc3 92.
Kf4 Kd2 93. Ke4 Kc1 94. Ba2 Nc2 0-1

[Event "22nd Hogeschool Zeeland Tournament 2018"]
[Site "Vlissingen"]
[Date "2018.08.10"]
[Round "8.15"]
[White "Grooten, Herman"]
[Black "De Boer, Eelke"]
[Result "1-0"]
[WhiteElo "2374"]
[BlackElo "2292"]
[PlyCount "105"]
[EventCountry "NED"]

1. d4 Nf6 2. c4 g6 3. Nc3 Bg7 4. e4 d6 5. Nf3 O-O 6. Be2 e5 7. Be3 Ng4 8. Bg5
f6 9. Bh4 g5 10. Bg3 Nh6 11. c5 g4 12. Nh4 Nc6 13. cxd6 cxd6 14. dxe5 dxe5 15.
Bc4+ Kh8 16. Qxd8 Rxd8 17. O-O Nd4 18. Rad1 Bd7 19. Bd5 Rac8 20. Rd2 b5 21. Ne2
Nxe2+ 22. Rxe2 Rc7 23. f3 b4 24. Rd1 Be6 25. Kf1 f5 26. Red2 Rcd7 27. Ke1 Bxd5
28. Rxd5 Rxd5 29. Rxd5 Rxd5 30. exd5 gxf3 31. gxf3 Kg8 32. b3 Bf6 33. Ke2 Kf7
34. Kd3 Ke7 35. Ng2 Kd6 36. Kc4 a5 37. f4 Ng8 38. Ne3 Ne7 39. h3 e4 40. Bf2 Bc3
41. Bh4 Ng6 42. Nxf5+ Kd7 43. Bg3 Bd2 44. Kd4 Bxf4 45. Bf2 Bc7 46. Kxe4 Nf4 47.
Be3 Nxh3 48. Kf3 h5 49. Ng7 a4 50. bxa4 Kd6 51. Ne8+ Kd7 52. Nxc7 Kxc7 53. a5
1-0

[Event "22nd Hogeschool Zeeland Tournament 2018"]
[Site "Vlissingen"]
[Date "2018.08.10"]
[Round "8.16"]
[White "Haast, Mark"]
[Black "Van Baar, Esper"]
[Result "1-0"]
[WhiteElo "2350"]
[BlackElo "2241"]
[PlyCount "61"]
[EventCountry "NED"]

1. c4 Nf6 2. g3 g6 3. Bg2 Bg7 4. Nc3 O-O 5. d4 d6 6. e3 c5 7. Nge2 Nc6 8. O-O
cxd4 9. Nxd4 Nxd4 10. exd4 Bg4 11. Qd3 Bf5 12. Qf3 Rb8 13. h3 h5 14. b3 a6 15.
a4 Qb6 16. Qd1 Bd7 17. Bg5 Bc6 18. d5 Bd7 19. a5 Qc7 20. Ne2 Nh7 21. Be3 Qc8
22. Kh2 Bxa1 23. Qxa1 Re8 24. Ba7 Ra8 25. Bd4 Bf5 26. Qc1 Bd3 27. Qh6 Nf6 28.
Nf4 Qf5 29. Re1 Bc2 30. Re6 Rac8 31. Bf3 1-0

[Event "22nd Hogeschool Zeeland Tournament 2018"]
[Site "Vlissingen"]
[Date "2018.08.10"]
[Round "8.18"]
[White "Admiraal, Miguoel"]
[Black "Stange, Sven"]
[Result "1/2-1/2"]
[WhiteElo "2479"]
[BlackElo "2161"]
[PlyCount "60"]
[EventCountry "NED"]

1. Nc3 Nf6 2. d4 d5 3. Bg5 Nbd7 4. Nf3 c6 5. e3 h6 6. Bh4 Qb6 7. a3 e6 8. Bd3
Bd6 9. O-O e5 10. dxe5 Nxe5 11. Bxf6 gxf6 12. Nd4 Nxd3 13. Qxd3 Qc7 14. f4 Bd7
15. b4 O-O-O 16. b5 Kb8 17. Rfb1 Ka8 18. a4 Qc8 19. a5 c5 20. Nxd5 cxd4 21.
Nb6+ axb6 22. axb6+ Kb8 23. exd4 Bf5 24. Ra7 Qxc2 25. Qxc2 Bxc2 26. Rba1 Kc8
27. Rc1 Bxf4 28. Rxc2+ Kb8 29. Rca2 Kc8 30. Rc2+ Kb8 1/2-1/2

[Event "22nd Hogeschool Zeeland Tournament 2018"]
[Site "Vlissingen"]
[Date "2018.08.10"]
[Round "8.19"]
[White "Van Delft, Merijn"]
[Black "Van Dommelen, Martin"]
[Result "1-0"]
[WhiteElo "2395"]
[BlackElo "2192"]
[PlyCount "77"]
[EventCountry "NED"]

1. d4 e6 2. e4 d5 3. Nc3 dxe4 4. Nxe4 Nd7 5. Nf3 Ngf6 6. Nxf6+ Nxf6 7. Bd3 c5
8. Be3 cxd4 9. Bxd4 Bd7 10. Ne5 Qa5+ 11. c3 Bb5 12. Qb3 Ba6 13. O-O-O Be7 14.
Bb1 Rc8 15. Rhe1 O-O 16. Bd3 Bc5 17. Bxa6 bxa6 18. Nc4 Qc7 19. Be5 Qe7 20. f3
Nd5 21. Kb1 Rfd8 22. Ka1 Qg5 23. Bg3 h5 24. Re5 Qg6 25. a3 Rb8 26. Qa4 Be7 27.
Re2 Rbc8 28. Ne5 Qf5 29. Nc6 Re8 30. Re5 Nb6 31. Qxa6 Qc2 32. Qd3 Qb3 33. Rxh5
g6 34. Rb5 Qa4 35. Nxe7+ Rxe7 36. Rb4 Qc6 37. Qb5 Qa8 38. Qe5 Nc4 39. Qf6 1-0

[Event "22nd Hogeschool Zeeland Tournament 2018"]
[Site "Vlissingen"]
[Date "2018.08.10"]
[Round "8.20"]
[White "Timmermans, Mark"]
[Black "Mesman, Edwyn"]
[Result "1-0"]
[WhiteElo "2383"]
[BlackElo "2154"]
[PlyCount "63"]
[EventCountry "NED"]

1. e4 c5 2. Nf3 d6 3. d4 cxd4 4. Nxd4 Nf6 5. f3 a6 6. c4 e5 7. Nc2 Be6 8. Nc3
Nbd7 9. Be3 Rc8 10. Nd5 Be7 11. Ncb4 Bxd5 12. cxd5 O-O 13. Qd2 Nh5 14. g3 g6
15. Bh6 Re8 16. Bh3 Bf8 17. Be3 Bg7 18. O-O Rf8 19. Nd3 Rc4 20. Rac1 Rxc1 21.
Rxc1 f5 22. Qb4 Ndf6 23. exf5 Nxd5 24. Qc4 Nhf6 25. Nb4 Qa5 26. Nxd5 Qxd5 27.
fxg6 Qxc4 28. gxh7+ Kh8 29. Rxc4 Nd5 30. Bg5 Kxh7 31. Be6 Kg6 32. h4 1-0

[Event "22nd Hogeschool Zeeland Tournament 2018"]
[Site "Vlissingen"]
[Date "2018.08.10"]
[Round "8.21"]
[White "Coenen, Eduard"]
[Black "Mehar, Chinna Reddy C.H"]
[Result "0-1"]
[WhiteElo "2118"]
[BlackElo "2345"]
[PlyCount "74"]
[EventCountry "NED"]

1. d4 Nf6 2. c3 d6 3. Bf4 Nbd7 4. e3 g6 5. Bc4 e5 6. Bg3 Bg7 7. dxe5 dxe5 8.
Nf3 Qe7 9. Nbd2 O-O 10. a4 e4 11. Nd4 Ne5 12. O-O c5 13. Nb5 Rd8 14. Be2 Bf5
15. Bxe5 Qxe5 16. Qc2 a6 17. Nc4 Qe7 18. Nba3 Ng4 19. h3 Ne5 20. Nxe5 Bxe5 21.
Bg4 Bxg4 22. hxg4 Rd3 23. f4 Bc7 24. Nc4 Rad8 25. a5 Qe6 26. Qb3 Bb8 27. Rad1
Kg7 28. g5 Bc7 29. Rde1 Qd5 30. Qa4 h6 31. gxh6+ Kxh6 32. Ne5 Bxe5 33. fxe5
Qxe5 34. Rxf7 Qg3 35. Ref1 Qxe3+ 36. R7f2 Rd2 37. Qa1 Rf8 0-1

[Event "22nd Hogeschool Zeeland Tournament 2018"]
[Site "Vlissingen"]
[Date "2018.08.10"]
[Round "8.22"]
[White "Rajesh, V.A.V."]
[Black "Lopez-Rojas, Jeffrey"]
[Result "1-0"]
[WhiteElo "2325"]
[BlackElo "2156"]
[PlyCount "79"]
[EventCountry "NED"]

1. d4 g6 2. c4 Bg7 3. Nf3 d6 4. Nc3 Nf6 5. e4 O-O 6. h3 Na6 7. Bd3 e5 8. d5 Nc5
9. Bc2 a5 10. Bg5 h6 11. Be3 b6 12. a3 Bd7 13. g4 a4 14. Nd2 Qe8 15. Qe2 Kh8
16. O-O-O Ng8 17. Rdg1 Ra5 18. h4 Qe7 19. Rh2 Rb8 20. f3 c6 21. Qd1 Qe8 22. h5
g5 23. Bxc5 dxc5 24. Bxa4 b5 25. dxc6 bxa4 26. cxd7 Qxd7 27. Nd5 Ra7 28. Nb1
Qc6 29. Nbc3 Bf6 30. Nb5 Ra6 31. Rd2 Bd8 32. Ndc3 Qf6 33. Rd6 Qf4+ 34. Kb1 Raa8
35. Qe2 Nf6 36. Rd3 Ba5 37. Nxa4 Bb4 38. Nac3 Bxc3 39. Rxc3 Nd7 40. Nc7 1-0

[Event "22nd Hogeschool Zeeland Tournament 2018"]
[Site "Vlissingen"]
[Date "2018.08.10"]
[Round "8.23"]
[White "Hoffman, Ron"]
[Black "Lefebvre, Herve"]
[Result "1/2-1/2"]
[WhiteElo "2041"]
[BlackElo "2304"]
[PlyCount "78"]
[EventCountry "NED"]

1. d4 Nf6 2. Bf4 d5 3. e3 c5 4. c3 Nc6 5. Nd2 e6 6. Ngf3 Bd6 7. dxc5 Bxc5 8.
Bd3 a5 9. a4 Nh5 10. Bg3 f5 11. Bh4 Be7 12. Bxe7 Qxe7 13. Nd4 g6 14. O-O O-O
15. Qb3 Kg7 16. c4 e5 17. Nxc6 bxc6 18. Qa3 Qf6 19. cxd5 cxd5 20. Rac1 Rf7 21.
Rc5 Bb7 22. Rfc1 Rd8 23. Be2 d4 24. Bf3 dxe3 25. Qxe3 Bxf3 26. Nxf3 e4 27. Ne5
Re7 28. Nc6 Rd3 29. Nxe7 Rxe3 30. fxe3 Qxb2 31. Rc7 Kf6 32. h4 f4 33. Ng8+ Kf5
34. Nh6+ Ke6 35. R1c6+ Kd5 36. Rc5+ Ke6 37. R5c6+ Kd5 38. Rc5+ Ke6 39. R5c6+
Kd5 1/2-1/2

[Event "22nd Hogeschool Zeeland Tournament 2018"]
[Site "Vlissingen"]
[Date "2018.08.10"]
[Round "8.24"]
[White "Kalisvaart, Peter"]
[Black "Aronsson, Marten"]
[Result "1-0"]
[WhiteElo "2090"]
[BlackElo "2303"]
[PlyCount "75"]
[EventCountry "NED"]

1. d4 g6 2. c4 Nf6 3. Nc3 Bg7 4. e4 O-O 5. Be2 c5 6. d5 d6 7. Nf3 Bg4 8. O-O a6
9. a4 e6 10. dxe6 fxe6 11. Ng5 Bxe2 12. Qxe2 Re8 13. e5 dxe5 14. Qxe5 Nd5 15.
Qg3 Nxc3 16. bxc3 Qe7 17. Re1 e5 18. Qh3 Bf6 19. Ne4 Bg7 20. Be3 Qe6 21. Qxe6+
Rxe6 22. Nxc5 Rc6 23. Rad1 Bf6 24. Ne4 Be7 25. c5 Rc7 26. f4 Nd7 27. fxe5 Nxc5
28. Nxc5 Bxc5 29. Bd4 Rd8 30. e6 Re8 31. Re5 Bd6 32. Re3 Rc4 33. a5 Bf4 34. Re4
Bc7 35. Rb1 Bxa5 36. Rxb7 Bxc3 37. Rg7+ Kh8 38. Rxh7+ 1-0

[Event "22nd Hogeschool Zeeland Tournament 2018"]
[Site "Vlissingen"]
[Date "2018.08.10"]
[Round "8.25"]
[White "Bekedam, Tyro"]
[Black "Bezemer, Arno"]
[Result "1/2-1/2"]
[WhiteElo "2019"]
[BlackElo "2295"]
[PlyCount "87"]
[EventCountry "NED"]

1. e4 c5 2. Nf3 d6 3. d4 cxd4 4. Nxd4 Nf6 5. Nc3 Nc6 6. Be3 Ng4 7. Bg5 Qb6 8.
Bb5 Bd7 9. O-O Qxd4 10. Bxc6 Qxd1 11. Bxd7+ Kxd7 12. Raxd1 h6 13. Bf4 g5 14.
Bg3 Bg7 15. Nd5 Rac8 16. c3 e6 17. Nb4 Be5 18. Bxe5 Nxe5 19. Nd3 Ng6 20. Rd2
Ke7 21. Rfd1 Rhd8 22. f3 d5 23. Nf2 dxe4 24. Rxd8 Rxd8 25. Rxd8 Kxd8 26. Nxe4
Ke7 27. Nc5 b6 28. Nd3 Kd6 29. Kf2 f5 30. Ke3 Kd5 31. Nb4+ Kc5 32. b3 Ne7 33.
g3 a5 34. Nd3+ Kd6 35. c4 Nc6 36. f4 gxf4+ 37. gxf4 e5 38. fxe5+ Nxe5 39. Nxe5
Kxe5 40. h3 f4+ 41. Kf3 Kd4 42. Kxf4 a4 43. bxa4 Kxc4 44. Kf5 1/2-1/2

[Event "22nd Hogeschool Zeeland Tournament 2018"]
[Site "Vlissingen"]
[Date "2018.08.10"]
[Round "8.26"]
[White "Lammens, Tim"]
[Black "IJzermans, Cees"]
[Result "0-1"]
[WhiteElo "2293"]
[BlackElo "2142"]
[PlyCount "70"]
[EventCountry "NED"]

1. Nf3 Nf6 2. g3 g6 3. b3 Bg7 4. Bb2 c5 5. Bg2 d5 6. c4 d4 7. b4 Nc6 8. b5 Na5
9. d3 O-O 10. O-O Re8 11. Nbd2 e5 12. Ng5 Rb8 13. Nb3 Nxb3 14. axb3 a6 15. Ba3
Qb6 16. b4 cxb4 17. Bxb4 h6 18. Ne4 Nxe4 19. Bxe4 axb5 20. c5 Qc7 21. Qc2 Bd7
22. Qa2 Be6 23. Qa7 Bd7 24. Ra6 Qc8 25. Rb6 Bc6 26. Qa2 Ra8 27. Qb3 Qd7 28. f4
exf4 29. Rxf4 Ra1+ 30. Kf2 g5 31. Rf3 Rxe4 32. Rxc6 Rxe2+ 33. Kxe2 bxc6 34. g4
Qc7 35. Rf2 Qe5+ 0-1

[Event "22nd Hogeschool Zeeland Tournament 2018"]
[Site "Vlissingen"]
[Date "2018.08.10"]
[Round "8.27"]
[White "Peek, Marcel"]
[Black "Hesse, Henrik"]
[Result "1/2-1/2"]
[WhiteElo "2290"]
[BlackElo "2137"]
[PlyCount "86"]
[EventCountry "NED"]

1. d4 Nf6 2. c4 e6 3. Nf3 d5 4. Nc3 dxc4 5. e4 Bb4 6. Bxc4 Nxe4 7. O-O Nxc3 8.
bxc3 Be7 9. Ne5 O-O 10. Qg4 Nc6 11. Bh6 Bf6 12. Rad1 Kh8 13. Bc1 Qe7 14. Rfe1
Bxe5 15. dxe5 f5 16. exf6 Qxf6 17. Qg3 e5 18. Bd5 Bf5 19. c4 Nd4 20. Qxe5 Qxe5
21. Rxe5 Rae8 22. Rxe8 Rxe8 23. Bb2 Bc2 24. Ra1 c5 25. h3 b6 26. a4 a5 27. Ra3
Re1+ 28. Kh2 h6 29. Re3 Rxe3 30. fxe3 Nf5 31. Be5 Nxe3 32. Bc7 Bxa4 33. Bxb6
Bb3 34. Bxc5 Bxc4 35. Bc6 Bd5 36. Bb5 Nxg2 37. Bb6 Nf4 38. Bxa5 Be6 39. Bf1 g5
40. Bd2 Kg7 41. h4 Kf6 42. hxg5+ hxg5 43. Bxf4 gxf4 1/2-1/2

[Event "22nd Hogeschool Zeeland Tournament 2018"]
[Site "Vlissingen"]
[Date "2018.08.10"]
[Round "8.28"]
[White "Tibke, Jonas"]
[Black "Vedder, Richard"]
[Result "0-1"]
[WhiteElo "1921"]
[BlackElo "2284"]
[PlyCount "84"]
[EventCountry "NED"]

1. Nf3 b6 2. g3 Bb7 3. Bg2 c5 4. c4 d6 5. O-O Nf6 6. d3 Nbd7 7. Nc3 e6 8. e4
Be7 9. Re1 O-O 10. Nd2 Rb8 11. f4 a6 12. g4 b5 13. cxb5 axb5 14. Nxb5 Qb6 15.
a4 c4+ 16. d4 Rfc8 17. Qe2 d5 18. g5 Nxe4 19. Bxe4 dxe4 20. Nxc4 Qa6 21. Be3
Bd5 22. b3 Rc6 23. Rec1 Rbc8 24. Qa2 f5 25. Kf2 Bxc4 26. bxc4 Nb6 27. c5 Nd5
28. Qc4 Qa5 29. Nc3 Nb4 30. Rcb1 Nd3+ 31. Ke2 Qd8 32. d5 Rxc5 33. Bxc5 Nxf4+
34. Kf1 Rxc5 35. Qd4 Nxd5 36. Nxd5 Rxd5 37. Qa7 Kf7 38. Rb7 Qd6 39. a5 e3 40.
a6 Rd1+ 41. Rxd1 Qxd1+ 42. Kg2 Qe2+ 0-1

[Event "22nd Hogeschool Zeeland Tournament 2018"]
[Site "Vlissingen"]
[Date "2018.08.10"]
[Round "8.29"]
[White "Stillger, Bernhard"]
[Black "Merbis, Max"]
[Result "1-0"]
[WhiteElo "2271"]
[BlackElo "2136"]
[PlyCount "81"]
[EventCountry "NED"]

1. Nf3 Nf6 2. g3 d5 3. Bg2 e6 4. O-O c5 5. c4 dxc4 6. Na3 Nc6 7. Nxc4 Be7 8. b3
O-O 9. Bb2 Bd7 10. d4 Qc7 11. Rc1 Rfd8 12. Qc2 b6 13. dxc5 bxc5 14. Nfe5 Be8
15. Nxc6 Bxc6 16. Be5 Qd7 17. Rfd1 Qe8 18. Bxf6 gxf6 19. Rxd8 Rxd8 20. Rd1 Bxg2
21. Rxd8 Bxd8 22. Kxg2 Qc6+ 23. f3 Bc7 24. Qd3 f5 25. Qd2 f6 26. Qd3 Kf7 27. g4
Kg6 28. Ne3 Bf4 29. gxf5+ Kg5 30. fxe6 Qxe6 31. Qd5+ Qxd5 32. Nxd5 Bd6 33. e3
f5 34. f4+ Kh4 35. Nf6 h6 36. Ne8 Bf8 37. Nc7 Bd6 38. Ne6 Kh5 39. Kf3 Kg6 40.
Nd8 Bc7 41. Nc6 1-0

[Event "22nd Hogeschool Zeeland Tournament 2018"]
[Site "Vlissingen"]
[Date "2018.08.10"]
[Round "8.30"]
[White "Afek, Yochanan"]
[Black "Boulahfa, Hicham"]
[Result "1/2-1/2"]
[WhiteElo "2248"]
[BlackElo "2074"]
[PlyCount "68"]
[EventCountry "NED"]

1. e4 d5 2. exd5 Qxd5 3. Nc3 Qd6 4. d4 Nf6 5. Nf3 a6 6. Be2 e6 7. Ne5 c5 8. Be3
Nbd7 9. Nxd7 Bxd7 10. dxc5 Qc7 11. Qd4 Rc8 12. Bf3 Bc6 13. Bxc6+ Qxc6 14. Qa4
Bxc5 15. Bxc5 b5 16. Qd4 Qxc5 17. O-O-O Ke7 18. Rhe1 Qxd4 19. Rxd4 Rhd8 20.
Red1 Rxd4 21. Rxd4 e5 22. Rh4 Ke6 23. a4 Rc4 24. Rxc4 bxc4 25. Kd2 e4 26. a5
Ke5 27. Na4 Kd4 28. h3 Ne8 29. c3+ Kd5 30. Ke3 Nd6 31. Nb6+ Ke5 32. Nd7+ Kd5
33. Nb6+ Ke5 34. Nd7+ Kd5 1/2-1/2